Datum a čas kvízu
25.5
Celkem bodů
Celkový počet nahraných bodů na tomto kvízu bez doplňovacích otázek.
4.
Pořadí na kvízu
Konečné umístění týmu na tomto kvízu.
Zaznamenané odpovědi
| # | Otázka | Odpověď | Body | Výsledky |
|---|---|---|---|---|
| 1. | Minulé pondělí došlo k obnoven... | Družba | 1 | |
| 2. | Bílý dům chtěl po americkém ná... | John McCain | 1 | |
| 3. | V úterý byly před zlínským Vel... | Helena Vondráčková, Jan Hrušínský | 0 | |
| 4. | V úterý byl vyhlášen v České r... | Den daňové svobody | 1 | |
| 5. | Jaké bylo konečné skóre finálo... | 4:1 | 1 | |
| 6. | Začneme samotným slovem vzduch... | povětří | 0 | |
| 7. | Kvalitě vzduchu v restauracích... | 2. čtvrtletí 2017 | 1 | |
| 8. | Že má tento přístroj něco spol... | anemometr | 0 | |
| 9. | Pod čísly 1 a 2 vidíme označen... | okluzní fronta | 0 | |
| 10. | Jak se nazývá dýchací systém n... | vzdušnice | 1 |